000 00559nam a2200229Ia 4500
003 OSt
005 20220924133657.0
006 a|||||r|||| 00| 0
007 ta
008 ASM
024 _a267831
037 _cTextual
040 _aARTS
_cARTS
_bASM
041 _2ASM
_aASM
082 _aY:351.277, 158N6
100 _aHagrika Kirtinath
_9207051
245 0 _aPrithivikhan chalukiya eai thakate
260 _c1996
650 _aSOCIOLOGY
942 _hY:351.277, 158N6
_cTEXL
_2CC
999 _c434706
_d434706